| 000 | 00956nas a2200313 4500 | ||
|---|---|---|---|
| 001 | BR0505329 | ||
| 003 | BR-BrBNA | ||
| 005 | 20231205105717.0 | ||
| 007 | ta | ||
| 008 | 230509b bl.|||p| |||| 00| 00por d | ||
| 040 |
_aBR-BrBNA _bpor _cBiblioteca Nacional de Agricultura |
||
| 041 | _a(Pt) | ||
| 072 | _aE71; E16 | ||
| 100 | 1 | _aContini, E. | |
| 100 | 1 | _aTalamini, D. | |
| 245 | 1 | _aCarnes do Brasil? a união européia estremece! | |
| 650 | _aCARNE | ||
| 650 | _aMERCADO INTERNACIONAL | ||
| 650 | _aEXPORTAÇÃO | ||
| 650 | _aCONSUMO | ||
| 650 | _aPOLÍTICA COMERCIAL | ||
| 650 | _aIMPOSTO ALFANDEGÁRIO | ||
| 650 | _aSUBSÍDIO | ||
| 650 | _aESTATÍSTICA DE PRODUÇÃO | ||
| 773 | 0 |
_tRevista de Política Agrícola (Brazil) _xISSN 1413-4969 _g(Jan-Mar 2005), v. 14(1) p. 47-61 _wBR0505329 |
|
| 856 | 4 |
_uRev_Pol_Agr_v14_n1-2005.pdf#page=48 _yRecurso eletrônico (PDF) |
|
| 909 |
_a202311 _bLúcia _c55 _dLúcia Elande |
||
| 942 |
_2AGRIS _n0 _cANA |
||
| 999 |
_c184277 _d184277 |
||